Making Blended Finance Work for the Sustainable Development Goals

Na minha lista:
Detalhes bibliográficos
Formato: Livro
Idioma:inglês
Publicado em: Paris OECD 2018
Assuntos:
Tags: Adicionar Tag
Sem tags, seja o primeiro a adicionar uma tag!

MARC

LEADER 00000nam a2200000 4500
001 0241809
005 20221220065625.7
020 |a 978-92-64-28875-1 
041 0 |a eng 
044 |a FR 
245 1 0 |a Making Blended Finance Work for the Sustainable Development Goals 
264 1 |a Paris  |b OECD  |c 2018 
300 |a 172 s. 
610 2 0 |a rozvoj trvalo udržateľný 
610 2 0 |a financie 
610 2 0 |a financovanie